| 000 | 01098cam a22003015a 4500 | ||
|---|---|---|---|
| 001 | 11571025 | ||
| 005 | 20161213105839.0 | ||
| 008 | 150407s2015 enk frb 001 0 eng d | ||
| 020 | _a9781780767321 | ||
| 040 |
_aYDXCP _beng _cYDXCP _dBDX _dCDX _dOCLCO _dOCLCF _dOCLCO _dNGU _dOCLCO _dNUI _dOCLCO _dNUI _dEG-ScBUE |
||
| 043 | _ama----- | ||
| 082 | 0 | 4 |
_222 _a302.2309174927 _bARA |
| 245 | 0 | 0 |
_aArab media moguls / _cedited by Donatella Della Ratta, Naomi Sakr and Jakob Skovgaard-Petersen. |
| 260 |
_aLondon ; _aNew York : _bI. B. Tauris, _c2015. |
||
| 300 |
_axiii, 233 p. ; _c22 cm. |
||
| 490 | 0 |
_aLibrary of modern Middle East studies ; _v148. |
|
| 500 | _aIndex : p.[229]-233. | ||
| 504 | _aBibliography : p. [223]- 228. | ||
| 650 | 0 |
_aMass media _zArab countries _vBiography. _2BUEsh |
|
| 650 | 0 |
_aExecutives _zArab countries _vBiography. _2BUEsh |
|
| 651 | _2BUEsh | ||
| 653 |
_bBUSBOL _cMay2016 |
||
| 653 |
_bCOMAME _cDecember2016 |
||
| 700 | 1 |
_aDella Ratta, Donatella, _d1973- _eeditor. |
|
| 700 | 1 |
_aSakr, Naomi, _eeditor. _938471 |
|
| 700 | 1 |
_aSkovgaard-Petersen, Jakob, _eeditor. |
|
| 942 | _2ddc | ||
| 999 |
_c21827 _d21799 |
||